Surprise! : the secret to customer loyalty in the service sector /

Bibliographic Details
Main Author: Magnini, Vincent P. (Author)
Corporate Author: Ebooks Corporation
Format: eBook
Language:English
Published: New York, N.Y. : Business Expert Press, LLC, 2015.
Series:Marketing strategy collection.
Subjects:
Online Access:Connect to the full text of this electronic book

MARC

Tag First Indicator Second Indicator Subfields
LEADER 00000cam a22000001i 4500
001 in00003536623
006 m |o d |
007 cr |n|||||||||
008 150622s2015 nyua ob 001 0 eng d
005 20250816205005.0
020 |a 9781631571039 (electronic bk.) 
020 |a 1631571036 (electronic bk.) 
020 |z 1631571028 
020 |z 9781631571022 (paperback) 
035 |a (NhCcYBP)ebl1812333 
040 |a NhCcYBP  |c NhCcYBP  |d UtOrBLW 
050 4 |a HF5415.5  |b .M247 2015 
082 0 4 |a 658.812  |2 23 
100 1 |a Magnini, Vincent P.,  |e author. 
245 1 0 |a Surprise! :  |b the secret to customer loyalty in the service sector /  |c Vincent P. Magnini. 
264 1 |a New York, N.Y. :  |b Business Expert Press, LLC,  |c 2015. 
300 |a 1 online resource. 
336 |a text  |b txt  |2 rdacontent 
337 |a computer  |b c  |2 rdamedia 
338 |a online resource  |b cr  |2 rdacarrier 
490 1 |a Marketing strategy collection 
504 |a Includes bibliographical references (pages 111-119) and index. 
588 |a Description based on print version record. 
500 |a Electronic resource. 
650 0 |a Service industries  |x Customer services. 
650 0 |a Customer relations. 
650 0 |a Surprise. 
655 7 |a Electronic books.  |2 local 
710 2 |a Ebooks Corporation  |p Current Topics in Devel Biology Intermed Backfile. 
776 1 8 |c Original  |z 1631571028  |z 9781631571022 
830 0 |a Marketing strategy collection. 
856 4 0 |u https://ebookcentral.proquest.com/lib/tamucs/detail.action?docID=1812333  |y Connect to the full text of this electronic book  |t 0 
955 |a YBP purchased approval e-records 
980 |b 100.00  |g 1 
987 |a ybp12112885 
999 f f |s 1dcc9862-0529-31b8-94e4-1af8d98f759a  |i c4f6b9e5-be77-3ad4-989c-58de93d7e53d  |t 0 
999 |a MARS 
952 f f |a Texas A&M University  |b College Station  |c Electronic Resources  |d Available Online  |t 0  |e HF5415.5 .M247 2015  |h Library of Congress classification 
998 f f |a HF5415.5 .M247 2015  |t 0  |l Available Online